00466nam a2200181 a 45000010005000000030009000050080041000140200015000550400028000700820017000981000028001152450029001432600033001723000010002054900022002156500021002376500026002587558CO-ViMGA141112s2004 ck r 000 u spa d a8489171017 aCO-ViMGAbspacCO-ViMGA04a346.043 G1721 aGarcia de Maria, Manuel10aEL derecho de accesión aBarcelona : bCedecs, c1995 a293 p aCedecs derecho, 114aBIENES INMUEBLES14aPROPIEDADES - DERECHO